Regions of Italy in Order by Population - Statistics

General Stats
  • This quiz has been taken 50 times
  • The average score is 13 of 20
Answer Stats
Population Region % Correct
5,715,190 Lazio
100%
9,965,046 Lombardy
100%
5,590,681 Campania
84%
4,801,468 Sicily
84%
4,854,633 Veneto
84%
4,431,816 Emilia-Romagna
81%
3,676,285 Tuscany
72%
4,252,279 Piedmont
69%
1,579,181 Sardinia
69%
3,912,166 Puglia
66%
1,507,438 Liguria
63%
1,273,660 Abruzzo
59%
1,489,789 Marche
59%
859,572 Umbria
56%
1,844,586 Calabria
53%
290,769 Molise
53%
123,337 Aosta Valley
47%
539,999 Basilicata
44%
1,197,295 Friuli-Venezia Giulia
34%
1,077,932 Trentino-South Tyrol
19%
No matching quizzes found
Score Distribution
Percent of People with Each Score
Percentile by Number Answered
Your Score History
You have not taken this quiz